000 00537nam a2200181Ia 4500
008 090123s9999 xx 000 0 und d
082 _b10571
100 _aआठवले प्रिया
245 _aपाक निर्णय
250 _a1
260 _bसुमंगल मुद्रण
_c1986
300 _a154
600 _aआठवले प्रिया
630 _aपाक निर्णय
700 _aआठवले प्रिया
730 _aपाक निर्णय
942 _cBOOK
999 _c48637
_d48637